[Event "Nicolo La Rosa op 17th"]
[Site "Mazara del Vallo"]
[Date "2009.08.07"]
[Round "2"]
[White "Cleal, John"]
[Black "Messina, Damiano"]
[Result "1/2-1/2"]
[WhiteElo "1958"]
[BlackElo "1991"]
[PlyCount "71"]
[EventDate "2009.08.07"]
[EventType "swiss"]
[EventRounds "6"]
[EventCountry "ITA"]
[SourceTitle "EXT 2011"]
[Source "ChessBase"]
[SourceDate "2010.11.26"]
[SourceVersion "1"]
[SourceVersionDate "2010.11.26"]
[SourceQuality "1"]

1. e4 c5 2. Nc3 e6 3. f4 Nc6 4. Nf3 a6 5. d3 d6 6. g3 Nf6 7. Bg2 Qc7 8. 0-0 Be7 9. Re1 0-0 10. e5 Nd7 11. exd6 Bxd6 12. Ne4 Be7 13. Bd2 Nf6 14. Bc3 Nd5 15. Bd2 Bd7 16. c4 Nf6 17. Bc3 Nxe4 18. dxe4 Rad8 19. Qe2 Bc8 20. Rad1 b6 21. Rxd8 Rxd8 22. Rd1 Nd4 23. Qf1 Bb7 24. Nd2 Qc6 25. Re1 Nc2 26. Re2 Qd7 27. e5 Bxg2 28. Kxg2 Qd3 29. Qf3 b5 30. Ba5 Rd7 31. Qxd3 Rxd3 32. cxb5 axb5 33. Ne4 Ne3+ 34. Kg1 Nc4 35. Bc7 Rd7 36. Bb8 1/2-1/2

[Event "Nicolo La Rosa op 17th"]
[Site "Mazara del Vallo"]
[Date "2009.08.07"]
[Round "1"]
[White "Messina, Damiano"]
[Black "Piazza, Dario"]
[Result "1-0"]
[WhiteElo "1991"]
[BlackElo "1533"]
[PlyCount "73"]
[EventDate "2009.08.07"]
[EventType "swiss"]
[EventRounds "6"]
[EventCountry "ITA"]
[SourceTitle "EXT 2011"]
[Source "ChessBase"]
[SourceDate "2010.11.26"]
[SourceVersion "1"]
[SourceVersionDate "2010.11.26"]
[SourceQuality "1"]

1. e4 e5 2. Nf3 Nc6 3. Bb5 Bc5 4. 0-0 a6 5. Bxc6 dxc6 6. Nxe5 Nf6 7. c3 0-0 8. d4 Bd6 9. Nd3 Nxe4 10. f3 Qh4 11. f4 Bg4 12. Qc2 Rfe8 13. Ne5 Nf6 14. Qb3 Bxe5 15. fxe5 Nd5 16. Bd2 b5 17. Be1 Qg5 18. Bd2 Qh4 19. Na3 Be6 20. Qc2 a5 21. Qd3 Nb6 22. Rf4 Qe7 23. Qg3 Nd7 24. Nc2 c5 25. Ne3 cxd4 26. cxd4 c6 27. Rc1 Ra6 28. Rcf1 g6 29. a3 Bb3 30. Nf5 Qe6 31. Nh6+ Kh8 32. Nxf7+ Kg7 33. Ng5 Qg8 34. Qh4 h6 35. Ne4 Bd5 36. Rf8 Rxf8 37. Qxh6# 1-0

[Event "Sicilia Regional-ch"]
[Site "Erice"]
[Date "2009.06.01"]
[Round "4"]
[White "Ferrante, Marco"]
[Black "Messina, Damiano"]
[Result "1-0"]
[WhiteElo "2113"]
[BlackElo "2003"]
[PlyCount "37"]
[EventDate "2009.05.30"]
[EventType "swiss"]
[EventRounds "7"]
[EventCountry "ITA"]
[SourceTitle "EXT 2011"]
[Source "ChessBase"]
[SourceDate "2010.11.26"]
[SourceVersion "1"]
[SourceVersionDate "2010.11.26"]
[SourceQuality "1"]

1. e4 c5 2. Nf3 e6 3. d4 cxd4 4. Nxd4 a6 5. Nc3 Nc6 6. g3 Qb6 7. Nb3 Nf6 8. Bg2 Be7 9. 0-0 0-0 10. Be3 Qc7 11. f4 d6 12. a4 b6 13. g4 Nd7 14. g5 f6 15. Bh3 Nc5 16. Nxc5 bxc5 17. f5 e5 18. g6 hxg6 19. fxg6 1-0

[Event "Sicilia Regional-ch"]
[Site "Erice"]
[Date "2009.06.01"]
[Round "5"]
[White "Messina, Damiano"]
[Black "Montalto, Antonio"]
[Result "1/2-1/2"]
[WhiteElo "2003"]
[BlackElo "1811"]
[PlyCount "74"]
[EventDate "2009.05.30"]
[EventType "swiss"]
[EventRounds "7"]
[EventCountry "ITA"]
[SourceTitle "EXT 2011"]
[Source "ChessBase"]
[SourceDate "2010.11.26"]
[SourceVersion "1"]
[SourceVersionDate "2010.11.26"]
[SourceQuality "1"]

1. e4 e5 2. Nf3 Nc6 3. Bb5 a6 4. Ba4 Nf6 5. 0-0 b5 6. Bb3 d6 7. Ng5 Be6 8. Nxe6 fxe6 9. Bxe6 Nd4 10. Bb3 Nxb3 11. axb3 Nxe4 12. d4 Nf6 13. Re1 Be7 14. dxe5 dxe5 15. Qxd8+ Kxd8 16. Rxe5 Bd6 17. Re1 Rf8 18. h3 h6 19. Nc3 Kd7 20. Rd1 Kc6 21. Be3 Kb7 22. Ne2 Rad8 23. Nd4 Rd7 24. c4 b4 25. Ra5 c5 26. Ne6 Re8 27. Nxc5+ Bxc5 28. Rxd7+ Nxd7 29. Bxc5 Nxc5 30. Rxc5 Re1+ 31. Kh2 Re2 32. Rf5 Rxb2 33. Rf3 Kc6 34. Kg3 Kc5 35. Rd3 Rc2 36. Kf3 a5 37. Ke3 a4 1/2-1/2

[Event "Sicilia Regional-ch"]
[Site "Erice"]
[Date "2009.05.31"]
[Round "3"]
[White "Messina, Damiano"]
[Black "Melograni, Francesco"]
[Result "1-0"]
[WhiteElo "2003"]
[BlackElo "1730"]
[PlyCount "45"]
[EventDate "2009.05.30"]
[EventType "swiss"]
[EventRounds "7"]
[EventCountry "ITA"]
[SourceTitle "EXT 2011"]
[Source "ChessBase"]
[SourceDate "2010.11.26"]
[SourceVersion "1"]
[SourceVersionDate "2010.11.26"]
[SourceQuality "1"]

1. e4 e5 2. Nf3 Nc6 3. Bb5 a6 4. Ba4 Nf6 5. 0-0 b5 6. Bb3 Be7 7. Re1 0-0 8. c3 d6 9. h3 Na5 10. Bc2 c5 11. d4 Qc7 12. Bg5 Nc6 13. d5 Nb8 14. Nbd2 Ne8 15. Bxe7 Qxe7 16. Nf1 f5 17. exf5 Bxf5 18. Ng3 Bxc2 19. Qxc2 Nd7 20. b3 g6 21. c4 Ng7 22. Qd2 Rf4 23. Qxf4 1-0

[Event "Sicilia Regional-ch"]
[Site "Erice"]
[Date "2009.05.31"]
[Round "2"]
[White "Valguarnera, Girolamo"]
[Black "Messina, Damiano"]
[Result "1/2-1/2"]
[WhiteElo "2127"]
[BlackElo "2003"]
[PlyCount "86"]
[EventDate "2009.05.30"]
[EventType "swiss"]
[EventRounds "7"]
[EventCountry "ITA"]
[SourceTitle "EXT 2011"]
[Source "ChessBase"]
[SourceDate "2010.11.26"]
[SourceVersion "1"]
[SourceVersionDate "2010.11.26"]
[SourceQuality "1"]

1. e4 c5 2. Nf3 e6 3. g3 Nc6 4. Bg2 d6 5. 0-0 Nf6 6. Nc3 a6 7. d4 cxd4 8. Nxd4 Qc7 9. Be3 Be7 10. a4 Ne5 11. Qe2 Bd7 12. Rad1 0-0 13. f4 Nc4 14. Bc1 Rac8 15. Kh1 Rfe8 16. b3 e5 17. bxc4 exd4 18. Rxd4 Be6 19. Nd5 Bxd5 20. exd5 Qa5 21. Qd3 Qxa4 22. c5 Qb5 23. Qxb5 axb5 24. c6 bxc6 25. dxc6 d5 26. Bxd5 Nxd5 27. Rxd5 Rxc6 28. Re1 Kf8 29. Rxb5 Rxc2 30. Rbe5 Rcc8 31. Bb2 g6 32. f5 f6 33. Re6 Kf7 34. fxg6+ hxg6 35. h4 f5 36. R1e2 f4 37. R6e4 Bd6 38. gxf4 Rxe4 39. Rxe4 Rc2 40. Be5 Be7 41. Ra4 Bxh4 42. f5 gxf5 43. Rxh4 Ke6 1/2-1/2

[Event "Nicolo La Rosa op 16th"]
[Site "Mazara del Vallo"]
[Date "2008.08.12"]
[Round "4"]
[White "Messina, Damiano"]
[Black "Fiducioso, Marco"]
[Result "0-1"]
[WhiteElo "2029"]
[BlackElo "2103"]
[PlyCount "134"]
[EventDate "2008.08.11"]
[EventType "swiss"]
[EventRounds "6"]
[EventCountry "ITA"]
[SourceTitle "EXT 2011"]
[Source "ChessBase"]
[SourceDate "2010.11.26"]
[SourceVersion "1"]
[SourceVersionDate "2010.11.26"]
[SourceQuality "1"]

1. e4 e6 2. d4 d5 3. Nd2 Be7 4. Ngf3 Nf6 5. e5 Nfd7 6. Bd3 c5 7. c3 Nc6 8. Bb1 Qb6 9. Nb3 a5 10. a4 cxd4 11. cxd4 Bb4+ 12. Kf1 Qc7 13. g3 b6 14. Kg2 Ba6 15. Be3 b5 16. Bd3 bxa4 17. Rxa4 Nb6 18. Ra1 Bxd3 19. Qxd3 Nc4 20. Qc2 N6xe5 21. Qe2 Nxf3 22. Kxf3 0-0 23. Rhc1 Qb6 24. Rc2 Rfc8 25. Rac1 Ba3 26. bxa3 Qxb3 27. Rc3 Qb5 28. Bf4 Qb6 29. Qd3 Qb7 30. Rb3 Qc6 31. h4 f6 32. Kg2 Re8 33. Rbc3 Ra7 34. Qf3 Qb6 35. h5 Qxd4 36. h6 Rf7 37. hxg7 Kxg7 38. Qg4+ Kh8 39. Qf3 Qc5 40. Kg1 Qe7 41. Re1 Qd7 42. Rd1 Qe7 43. Re1 Rd8 44. Qg4 e5 45. Bc1 Qd7 46. Qh5 Qe6 47. Rd1 Rc8 48. Qe2 Rfc7 49. Qd3 d4 50. Rc2 Nb2 51. Rxb2 Rxc1 52. Rb7 Rxd1+ 53. Qxd1 Qd5 54. Qb1 Rc1+ 55. Qxc1 Qxb7 56. Qd1 Qc7 57. Qh5 Qd8 58. Kf1 Qd7 59. Ke2 Kg7 60. Kf3 d3 61. Kg2 d2 62. Qd1 Qd5+ 63. Kg1 f5 64. g4 f4 65. Kf1 Qd3+ 66. Kg1 f3 67. Kh2 Qe2 0-1

[Event "Nicolo La Rosa op 16th"]
[Site "Mazara del Vallo"]
[Date "2008.08.11"]
[Round "2"]
[White "Messina, Damiano"]
[Black "Cerami, Giuseppe"]
[Result "1-0"]
[WhiteElo "2029"]
[BlackElo "1742"]
[PlyCount "105"]
[EventDate "2008.08.11"]
[EventType "swiss"]
[EventRounds "6"]
[EventCountry "ITA"]
[SourceTitle "EXT 2011"]
[Source "ChessBase"]
[SourceDate "2010.11.26"]
[SourceVersion "1"]
[SourceVersionDate "2010.11.26"]
[SourceQuality "1"]

1. e4 e6 2. d4 d5 3. Nd2 Nf6 4. e5 Nfd7 5. Bd3 c5 6. c3 Nc6 7. Ne2 Qb6 8. Nf3 cxd4 9. cxd4 f6 10. exf6 Bb4+ 11. Kf1 Nxf6 12. a3 Be7 13. b4 Bd7 14. Bf4 Rc8 15. g3 Qd8 16. Kg2 a6 17. Re1 Ng4 18. Qb1 Nf6 19. Be5 Nxe5 20. dxe5 Ne4 21. Bxe4 dxe4 22. Qxe4 Bc6 23. Qg4 Bxf3+ 24. Qxf3 Qb6 25. Rac1 Rxc1 26. Rxc1 Rf8 27. Qe3 Qxe3 28. fxe3 Kd7 29. Nf4 Rf5 30. Rd1+ Ke8 31. Nxe6 Rxe5 32. Nc7+ Kf7 33. Kf3 Bf6 34. e4 Re7 35. Nd5 Rd7 36. a4 Be7 37. b5 axb5 38. axb5 b6 39. e5 Bc5 40. Ke4 h6 41. Rf1+ Kg8 42. e6 Ra7 43. Kf5 Kh7 44. Ke5 Kg8 45. Rf3 Rb7 46. h4 Ra7 47. g4 Rb7 48. g5 hxg5 49. hxg5 Bf8 50. g6 Bc5 51. Rf7 Rxf7 52. exf7+ Kf8 53. Ke6 1-0

[Event "Nicolo La Rosa op 16th"]
[Site "Mazara del Vallo"]
[Date "2008.08.11"]
[Round "1"]
[White "Novara, Salvatore"]
[Black "Messina, Damiano"]
[Result "0-1"]
[WhiteElo "1549"]
[BlackElo "2029"]
[PlyCount "74"]
[EventDate "2008.08.11"]
[EventType "swiss"]
[EventRounds "6"]
[EventCountry "ITA"]
[SourceTitle "EXT 2011"]
[Source "ChessBase"]
[SourceDate "2010.11.26"]
[SourceVersion "1"]
[SourceVersionDate "2010.11.26"]
[SourceQuality "1"]

1. e4 c5 2. d4 cxd4 3. Qxd4 Nc6 4. Qc4 e6 5. Nc3 a6 6. a4 Nf6 7. Bd3 b6 8. Nf3 Bb7 9. Bg5 Be7 10. Bf4 Rc8 11. Rd1 0-0 12. 0-0 Nb4 13. Qd4 Bc5 14. Qe5 h6 15. Bxh6 gxh6 16. Qg3+ Kh8 17. Qh3 Ng8 18. Qh5 Nxd3 19. Rxd3 f5 20. Ne5 Qe8 21. Ng6+ Kg7 22. Rg3 f4 23. Nxf4+ Kh7 24. Qg4 Qf7 25. Rd1 Bxf2+ 26. Kxf2 Qxf4+ 27. Qxf4 Rxf4+ 28. Ke3 Rf7 29. e5 Ne7 30. Rf3 Bxf3 31. gxf3 Ng6 32. Rd6 Nxe5 33. f4 Nc4+ 34. Kd3 Nxd6 35. Ke3 Nc4+ 36. Ke4 Nxb2 37. Ke5 Rxc3 0-1

[Event "Nicolo La Rosa op 15th"]
[Site "Mazara del Vallo"]
[Date "2007.08.12"]
[Round "6"]
[White "Bruno, Yama"]
[Black "Messina, Damiano"]
[Result "1/2-1/2"]
[WhiteElo "1659"]
[BlackElo "2033"]
[PlyCount "126"]
[EventDate "2007.08.10"]
[EventType "swiss"]
[EventRounds "6"]
[EventCountry "ITA"]
[SourceTitle "EXT 2011"]
[Source "ChessBase"]
[SourceDate "2010.11.26"]
[SourceVersion "1"]
[SourceVersionDate "2010.11.26"]
[SourceQuality "1"]

1. d4 Nf6 2. c4 g6 3. Nf3 Bg7 4. Nc3 d5 5. Bf4 0-0 6. e3 e6 7. Qb3 c6 8. cxd5 exd5 9. Bd3 Re8 10. 0-0 Qe7 11. Rac1 Nbd7 12. Na4 Ne4 13. Qc2 h6 14. a3 g5 15. Bc7 Ndc5 16. Nxc5 Nxc5 17. Qxc5 Qxc7 18. Qxd5 Be6 19. Qc5 Bf8 20. Qc2 Bd6 21. g3 Bh3 22. Rfe1 Qd7 23. Bf1 Bg4 24. Bg2 Bc7 25. b4 a6 26. Qc4 Be6 27. Qc2 Bf5 28. Qc3 Rad8 29. Red1 Bb8 30. Qc5 Bg4 31. Rf1 Bd6 32. Qc2 Bf5 33. Qc3 Kh7 34. Rfe1 Re7 35. Qc4 Bb8 36. Red1 Bg4 37. Rd2 Qf5 38. Qc2 f6 39. Qxf5+ Bxf5 40. Rb2 Be4 41. Ne1 f5 42. Bxe4 Rxe4 43. Nd3 f4 44. Nc5 Re7 45. Rb3 Rde8 46. Rcc3 Kg6 47. Kg2 h5 48. gxf4 gxf4 49. Nxb7 Rxb7 50. Rxc6+ Kf5 51. Rxa6 Rbe7 52. Kf3 fxe3 53. Ra5+ Kg6 54. fxe3 Bxh2 55. b5 Bg1 56. d5 Rxe3+ 57. Rxe3 Bxe3 58. Ra6+ Kf5 59. Rc6 Bd4 60. a4 Rd8 61. d6 Ke6 62. a5 Rxd6 63. Rxd6+ Kxd6 1/2-1/2

[Event "Nicolo La Rosa op 15th"]
[Site "Mazara del Vallo"]
[Date "2007.08.11"]
[Round "3"]
[White "Messina, Damiano"]
[Black "Bocci, Alessandro"]
[Result "1/2-1/2"]
[WhiteElo "2033"]
[BlackElo "1929"]
[PlyCount "82"]
[EventDate "2007.08.10"]
[EventType "swiss"]
[EventRounds "6"]
[EventCountry "ITA"]
[SourceTitle "EXT 2011"]
[Source "ChessBase"]
[SourceDate "2010.11.26"]
[SourceVersion "1"]
[SourceVersionDate "2010.11.26"]
[SourceQuality "1"]

1. e4 c5 2. Nf3 Nc6 3. d4 cxd4 4. Nxd4 Qc7 5. Be3 e6 6. c4 a6 7. a3 Nf6 8. Nc3 Be7 9. Be2 0-0 10. 0-0 b6 11. Rc1 Nxd4 12. Bxd4 Bb7 13. Bd3 Bd6 14. h3 Be5 15. Bxe5 Qxe5 16. Qe2 Nh5 17. Bb1 Nf4 18. Qe3 f5 19. f3 Rf6 20. Ne2 fxe4 21. Bxe4 Bxe4 22. fxe4 Nxe2+ 23. Qxe2 Rc8 24. Rxf6 gxf6 25. Qd3 d5 26. exd5 exd5 27. Rc2 Qe4 28. Qxe4 dxe4 29. Kf2 Kf7 30. Ke3 f5 31. g4 Kf6 32. Rd2 Rxc4 33. gxf5 Ke5 34. Rf2 Rc6 35. f6 Rxf6 36. Rxf6 Kxf6 37. Kxe4 Ke6 38. b3 a5 39. a4 h6 40. h4 h5 41. Kf4 Kf6 1/2-1/2

[Event "Nicolo La Rosa op 14th"]
[Site "Mazara del Vallo"]
[Date "2006.08.11"]
[Round "2"]
[White "Messina, Damiano"]
[Black "Melograni, Francesco"]
[Result "1/2-1/2"]
[WhiteElo "2064"]
[BlackElo "1676"]
[PlyCount "118"]
[EventDate "2006.08.11"]
[EventType "swiss"]
[EventRounds "6"]
[EventCountry "ITA"]
[SourceTitle "EXT 2011"]
[Source "ChessBase"]
[SourceDate "2010.11.26"]
[SourceVersion "1"]
[SourceVersionDate "2010.11.26"]
[SourceQuality "1"]

1. e4 e5 2. Nf3 Nc6 3. Bb5 d6 4. 0-0 Nf6 5. Re1 Be7 6. c3 0-0 7. h3 a6 8. Ba4 h6 9. d4 exd4 10. cxd4 Bd7 11. Nc3 Nh7 12. Be3 Bg5 13. Nxg5 Nxg5 14. Qh5 Qe7 15. Bc2 Rae8 16. f4 Nh7 17. e5 dxe5 18. dxe5 Rd8 19. Nd5 Qe6 20. Rad1 Ne7 21. Bb3 c6 22. Nf6+ Nxf6 23. exf6 Qxf6 24. Bd4 Qg6 25. Qf3 Be6 26. Bc5 Rxd1 27. Rxd1 Re8 28. Bxe7 Rxe7 29. Rd8+ Kh7 30. Bxe6 Qxe6 31. Qd3+ Qe4 32. Qxe4+ Rxe4 33. Rd7 Rb4 34. b3 Kg6 35. f5+ Kxf5 36. Rxf7+ Kg6 37. Rd7 c5 38. Kf2 c4 39. Rd4 a5 40. Rxc4 Rxc4 41. bxc4 Kf6 42. Ke3 Ke5 43. h4 h5 44. g3 b6 45. a3 a4 46. Kd3 g6 47. Ke3 Kf5 48. Kd4 Kg4 49. Kd5 Kxg3 50. Kc6 Kxh4 51. Kxb6 g5 52. c5 g4 53. c6 g3 54. c7 g2 55. c8Q g1Q+ 56. Ka6 Qg6+ 57. Ka5 Qg5+ 58. Ka6 Qf4 59. Qc6 Kg3 1/2-1/2